| 000 | 00747cam a2200253 4500 | ||
|---|---|---|---|
| 008 | 090401t1994 xxu||||| |||| 00| 0 eng d | ||
| 020 | _a007049326X | ||
| 035 | _a(Sirsi) u11378 | ||
| 041 | _aeng | ||
| 050 | _a725.54 | ||
| 100 | _aPeloquin, Albert A. | ||
| 245 | _aBarrier free residential design. | ||
| 260 |
_aNew York _bMcGraw-Hill _c1994 |
||
| 300 | _axi,239p. : ill. ; 28cm. | ||
| 350 | _a44.95 | ||
| 650 | _aBARRIER-FREE DESIGN | ||
| 650 | _aBUILT ENVIRONMENT-CONSTRUCTION DESIGN | ||
| 650 | _aMANAGEMENT-BUSINESS MANAGEMENT-DISCRIMINATION-DISABILITY DISCRIMINATION-ACCESSIBILITY | ||
| 650 | _aDISABLED PEOPLE | ||
| 650 | _aHOUSING | ||
| 690 | _aBUILT ENVIRONMENT-CONSTRUCTION DESIGN | ||
| 942 | _n0 | ||
| 948 | _c04/03/1997 | ||
| 999 |
_c86859 _d86859 |
||